LEADER 01289nam 2200445 450 001 9910467813103321 005 20200520144314.0 010 $a1-78084-424-7 010 $a1-78084-423-9 035 $a(CKB)4330000000072269 035 $a(MiAaPQ)EBC4876777 035 $a(Au-PeEL)EBL4876777 035 $a(CaPaEBR)ebr11437559 035 $a(OCoLC)953863434 035 $a(EXLCZ)994330000000072269 100 $a20171005h20152015 uy 0 101 0 $aeng 135 $aurcnu|||||||| 181 $2rdacontent 182 $2rdamedia 183 $2rdacarrier 200 00$aAdvances in bladder cancer management /$feditors, Shahrokh F. Shariat, Evanguelos Xylinas 210 1$aLondon, [England] :$cFuture Medicine,$d2015. 210 4$d©2015 215 $a1 online resource (223 pages) 311 $a1-78084-425-5 320 $aIncludes bibliographical references. 606 $aBladder$xCancer$vPopular works 608 $aElectronic books. 615 0$aBladder$xCancer 676 $a616.99462 702 $aShariat$b Shahrokh F. 702 $aXylinas$b Evanguelos 801 0$bMiAaPQ 801 1$bMiAaPQ 801 2$bMiAaPQ 906 $aBOOK 912 $a9910467813103321 996 $aAdvances in bladder cancer management$92044432 997 $aUNINA LEADER 01502nas 2200349 n 450 001 990008931090403321 005 20240229084436.0 035 $a000893109 035 $aFED01000893109 035 $a(Aleph)000893109FED01 035 $a000893109 091 $2CNR$aPT02319137 100 $a20161109a19289999km-y0itaa50------ba 101 0 $aeng 102 $aMY 110 $aauu-------- 200 1 $aBulletin of he Raffles Museum 207 1$a1928- 210 $aSingapore$cRaffles Museum 530 0 $aBulletin of he Raffles Museum 675 $a500.9 712 02$aRaffles Museum 801 0$aIT$bACNP$c20090723 859 4 $uhttp://acnp.cib.unibo.it/cgi-ser/start/it/cnr/dc-p1.tcl?catno=2319137&person=false&language=ITALIANO&libr=&libr_th=unina1$zBiblioteche che possiedono il periodico 901 $aSE 912 $a990008931090403321 958 $aBiblioteca del Dipartimento di Entomologia e Zoologia Agraria dell'Universitą degli Studi di Napoli Federico II$b1928-1938;$fDAGEN 959 $aDAGEN 996 $aBulletin of he Raffles Museum$9798110 997 $aUNINA AP1 8 $6866-01$aNA219 Biblioteca del Dipartimento di Entomologia e Zoologia Agraria dell'Universitą degli Studi di Napoli Federico II$eVia Universitą, 100, 80055 Portici (NA)$m0812539188$m0817755145$nit AP2 40$aacnp.cib.unibo.it$nACNP Italian Union Catalogue of Serials$uhttp://acnp.cib.unibo.it/cgi-ser/start/it/cnr/df-p.tcl?catno=2319137&language=ITALIANO&libr=&person=&B=1&libr_th=unina&proposto=NO